Abécédaire de l'Amérique française (vol. 1) - Statistiques

Statistiques générales
  • Ce quiz a été pris 34 fois
  • Le résultat moyen est 10 sur 26
Statistiques - réponses
Par images Hint Réponse % Correct
(Q) Ville Québec
91%
(H) Pays Haïti
88%
(K) Ville et centre spatial Kourou
79%
(E) Crustacé L'écrevisse
79%
(O) Province anglophone avec minorité francophone L'Ontario
73%
(X) Siècle Le XVIe siècle
67%
(B) Région marécageuse Le bayou
64%
(U) Ordre religieux de cette pionnière Les Ursulines
58%
(N) Ville La Nouvelle Orléans
48%
(A) Peuple Les Acadiens
48%
(S) Volcan La Soufrière
39%
(G) Péninsule La Gaspésie
30%
(Y) Rivière découverte par des coureurs de bois français (nom anglais) La Yellowstone
30%
(J) Plat Le jambalaya
30%
(L) Auteur-compositeur Félix Leclerc
27%
(M) Général et marquis Louis-Joseph de Montcalm
21%
(T) Ville et accessoirement nom de ce "Grand Hôtel" Tadoussac
21%
(D) Premier ministre Maurice Duplessis
18%
(V) Quartier de la ville en N Le Vieux Carré
15%
(F) Gouverneur Louis Buade de Frontenac
15%
(R) Chef métis Louis Riel
15%
(C) Bataille française au Mexique La bataille de Camerone
9%
(I) Heros et pionnier (nom de son domaine) Pierre Le Moyne d'Iberville
9%
(P) Ville Pointe-à-Pitre
9%
(W) Peuple amérindien (nom qu'ils se donnent eux-mêmes) Les Wendats
6%
(Z) Style de musique Le Zydeco
6%
Aucun quiz correspondant
Distribution des résultats
% des personnes avec chaque résultat
Percentile par nombre de réponses
Votre historique - résultats
Vous n’avez pas pris ce quiz